| 000 | 00475nam a2200169Ia 4500 | ||
|---|---|---|---|
| 001 | 7553 | ||
| 003 | GE_BSU | ||
| 008 | 181216s||||||||xx |||||||||||||| ||und|| | ||
| 040 | _cGE_BSU | ||
| 245 | _aТеоремическая и математиеская физика. Том 175. №3.2013. | ||
| 245 | _cгл.ред.А.А.Логунов и др. | ||
| 260 | _aМосква. | ||
| 260 | _bНАУКА. | ||
| 260 | _c2013.Июнь. | ||
| 300 | _a464ст;24см. | ||
| 942 | _cCR | ||
| 999 |
_c40909 _d40909 |
||